Bharatiya samaj biwastha (Record no. 4675)
[ view plain ]
| 000 -LEADER | |
|---|---|
| fixed length control field | 00579cam a2200241ua 4500 |
| 001 - CONTROL NUMBER | |
| control field | 5500 |
| 005 - DATE AND TIME OF LATEST TRANSACTION | |
| control field | 20260515113910.0 |
| 008 - FIXED-LENGTH DATA ELEMENTS--GENERAL INFORMATION | |
| fixed length control field | 141203n ii |||gr||||Z||||||asm |
| 020 ## - INTERNATIONAL STANDARD BOOK NUMBER | |
| International Standard Book Number | 978-93-81784-27-3 |
| 040 ## - CATALOGING SOURCE | |
| Transcribing agency | MAIN |
| 041 ## - LANGUAGE CODE | |
| Language code of text/sound track or separate title | asm |
| 082 ## - DEWEY DECIMAL CLASSIFICATION NUMBER | |
| Classification number | 301.0954 |
| 245 ## - TITLE STATEMENT | |
| Title | Bharatiya samaj biwastha |
| Statement of responsibility, etc. | by B.N Borthakur |
| 250 ## - EDITION STATEMENT | |
| Edition statement | 1st. |
| 260 ## - PUBLICATION, DISTRIBUTION, ETC. | |
| Place of publication, distribution, etc. | Jorhat: |
| Name of publisher, distributor, etc. | Bidya bhawan, |
| Date of publication, distribution, etc. | 2012. |
| 300 ## - PHYSICAL DESCRIPTION | |
| Extent | x,400p. |
| 653 ## - INDEX TERM--UNCONTROLLED | |
| Uncontrolled term | Sociology |
| 653 ## - INDEX TERM--UNCONTROLLED | |
| Uncontrolled term | Bharatiya samaj biwastha |
| 653 ## - INDEX TERM--UNCONTROLLED | |
| Uncontrolled term | Indian society |
| 700 ## - ADDED ENTRY--PERSONAL NAME | |
| Personal name | Borthakur,B.N. |
| 700 ## - ADDED ENTRY--PERSONAL NAME | |
| Personal name | Saikia, J. P. |
| 942 ## - ADDED ENTRY ELEMENTS (KOHA) | |
| Koha item type | Books |
| Withdrawn status | Lost status | Damaged status | Not for loan | Home library | Current library | Shelving location | Date acquired | Total checkouts | Full call number | Barcode | Date last seen | Copy number | Price effective from | Koha item type | Date last checked out |
|---|---|---|---|---|---|---|---|---|---|---|---|---|---|---|---|
| Naharkatiya College Library | Naharkatiya College Library | General stacks | 09/19/2020 | 301.0954 | BOR | 21399 | 09/19/2020 | 2 | 09/19/2020 | Books | ||||||
| Naharkatiya College Library | Naharkatiya College Library | General stacks | 09/19/2020 | 1 | 301.0954 | BOR | 21400 | 02/20/2024 | 4 | 09/19/2020 | Books | 02/09/2024 | ||||
| Naharkatiya College Library | Naharkatiya College Library | General stacks | 09/19/2020 | 4 | 301.0954 | BOR | 21401 | 04/03/2025 | 3 | 09/19/2020 | Books | 03/15/2025 | ||||
| Naharkatiya College Library | Naharkatiya College Library | General stacks | 09/19/2020 | 1 | 301.0954 | BOR | 21403 | 10/30/2023 | 1 | 09/19/2020 | Books | 10/16/2023 |